[Event "Izmailov Memorial op 10th"]
[Site "Tomsk"]
[Date "2006.07.18"]
[Round "7"]
[White "Kharlov, Andrei"]
[Black "Ibrayev, Nurlan"]
[Result "1/2-1/2"]
[WhiteElo "2549"]
[BlackElo "2498"]
[PlyCount "120"]
[EventDate "2006.07.12"]
[EventType "swiss"]
[EventRounds "9"]
[EventCountry "RUS"]
[SourceTitle "EXT 2008"]
[Source "ChessBase"]
[SourceDate "2007.11.25"]
[SourceVersion "1"]
[SourceVersionDate "2007.11.25"]
[SourceQuality "1"]

1. e4 e5 2. Nf3 Nc6 3. Bb5 a6 4. Ba4 Nf6 5. O-O Be7 6. Re1 b5 7. Bb3 d6 8. c3
O-O 9. d3 h6 10. Nbd2 Re8 11. Nf1 Bf8 12. h3 g6 13. Ng3 Bg7 14. d4 Bb7 15. Bc2
Qe7 16. Bd2 Nh7 17. d5 Nb8 18. b3 c6 19. c4 Nd7 20. Be3 h5 21. Qd2 cxd5 22.
cxd5 Rf8 23. Rac1 h4 24. Nf1 f5 25. exf5 gxf5 26. Bh6 Nb6 27. Nd4 Bc8 28. Nc6
Qf6 29. Be3 Nd7 30. f4 Re8 31. fxe5 Nxe5 32. Bf4 Bd7 33. Kh1 Kh8 34. Ne3 Ng6
35. Qf2 Nxf4 36. Qxf4 Bh6 37. Qf3 Ng5 38. Qf2 Ne4 39. Bxe4 Rxe4 40. Ng4 Rxg4
41. hxg4 Bxc1 42. Rxc1 Rg8 43. gxf5 h3 44. gxh3 Bxf5 45. Kh2 Qh6 46. Rc3 Be4
47. Qd4+ Qg7 48. Rg3 Qxd4 49. Rxg8+ Kxg8 50. Nxd4 Kf7 51. Kg3 Bxd5 52. Kf4 b4
53. Nf5 Ke6 54. h4 Bg2 55. h5 Kf7 56. Nxd6+ Kg7 57. Nc4 Bf1 58. Ke3 Bh3 59. Kd4
Bf5 60. Nd2 a5 {...} 1/2-1/2

[Event "Izmailov Memorial op 10th"]
[Site "Tomsk"]
[Date "2006.07.19"]
[Round "8"]
[White "Zablotsky, Sergei"]
[Black "Kharlov, Andrei"]
[Result "1/2-1/2"]
[WhiteElo "2477"]
[BlackElo "2549"]
[PlyCount "84"]
[EventDate "2006.07.12"]
[EventType "swiss"]
[EventRounds "9"]
[EventCountry "RUS"]
[SourceTitle "EXT 2008"]
[Source "ChessBase"]
[SourceDate "2007.11.25"]
[SourceVersion "1"]
[SourceVersionDate "2007.11.25"]
[SourceQuality "1"]

1. Nf3 Nf6 2. g3 c5 3. Bg2 Nc6 4. d4 cxd4 5. Nxd4 e5 6. Nxc6 dxc6 7. Qxd8+ Kxd8
8. O-O Kc7 9. Nd2 Be6 10. Nf3 Nd7 11. b3 f6 12. Bb2 a5 13. a4 Be7 14. Rfd1 Rhd8
15. Ne1 Nc5 16. Nd3 Nxd3 17. exd3 Bb4 18. Be4 h5 19. h4 Rd7 20. Rf1 Bh3 21. Bg2
Bxg2 22. Kxg2 Bc5 23. Rfe1 Bd4 24. Bxd4 Rxd4 25. Kf3 Rad8 26. Re4 Kb6 27. Rxd4
Rxd4 28. Ke3 Rg4 29. Rg1 f5 30. Re1 Kc5 31. c3 Kd5 32. Kf3 c5 33. Ke3 Rg6 34.
Rb1 Rb6 35. Rb2 Rf6 36. Rb1 g6 37. f4 Re6 38. c4+ Kd6 39. Kd2 Ke7 40. Re1 Kf6
41. Re3 e4 42. Kc3 exd3 1/2-1/2

[Event "Izmailov Memorial op 10th"]
[Site "Tomsk"]
[Date "2006.07.20"]
[Round "9"]
[White "Kharlov, Andrei"]
[Black "Nevostrujev, Vladimir"]
[Result "1/2-1/2"]
[WhiteElo "2549"]
[BlackElo "2456"]
[PlyCount "115"]
[EventDate "2006.07.12"]
[EventType "swiss"]
[EventRounds "9"]
[EventCountry "RUS"]
[SourceTitle "EXT 2008"]
[Source "ChessBase"]
[SourceDate "2007.11.25"]
[SourceVersion "1"]
[SourceVersionDate "2007.11.25"]
[SourceQuality "1"]

1. e4 c5 2. Nf3 d6 3. d4 cxd4 4. Nxd4 Nf6 5. Nc3 a6 6. Be3 e5 7. Nf3 Be7 8. Bc4
O-O 9. O-O Bg4 10. Bg5 Nbd7 11. h3 Bh5 12. Re1 Rc8 13. Bb3 Ne8 14. Be3 Nef6 15.
Bg5 Ne8 16. Bxe7 Qxe7 17. Nd5 Qd8 18. Qe2 Nef6 19. Rad1 Nc5 20. Nxf6+ Qxf6 21.
Rd2 Bxf3 22. Qxf3 Qxf3 23. gxf3 Nxb3 24. axb3 f5 25. c3 Rf6 26. exf5 Rcf8 27.
Re3 Rh6 28. Red3 Rxf5 29. Rxd6 Rxd6 30. Rxd6 Rxf3 31. b4 h6 32. Rb6 Rf7 33. Re6
Rd7 34. Rxe5 Rd2 35. Re7 Rxb2 36. Rxb7 a5 37. b5 a4 38. c4 Kh7 39. Kg2 Rc2 40.
Rc7 a3 41. b6 a2 42. Ra7 Rxc4 43. Rxa2 Rb4 44. Ra6 Rb3 45. f3 Kg6 46. Kg3 Kf5
47. h4 Rb1 48. Ra7 Rxb6 49. Rxg7 Rb1 50. Kg2 Rb2+ 51. Kh3 Rb1 52. Rg4 Rh1+ 53.
Kg2 Ra1 54. h5 Ra2+ 55. Kg3 Ra1 56. Rf4+ Kg5 57. Rg4+ Kxh5 58. Rh4+ 1/2-1/2

[Event "EU-Cup 22nd"]
[Site "Fuegen"]
[Date "2006.10.08"]
[Round "1.4"]
[White "Kharlov, Andrei"]
[Black "Van Ketel, Raoul"]
[Result "1-0"]
[WhiteElo "2557"]
[BlackElo "2324"]
[PlyCount "87"]
[EventDate "2006.10.08"]
[EventType "team-swiss"]
[EventRounds "7"]
[EventCountry "AUT"]
[SourceTitle "CBM 115"]
[Source "ChessBase"]
[SourceDate "2006.11.15"]
[SourceVersion "1"]
[SourceVersionDate "2006.11.15"]
[SourceQuality "1"]
[WhiteTeam "Kazan Ladya"]
[BlackTeam "Leerdams"]
[WhiteTeamCountry "RUS"]
[BlackTeamCountry "NED"]

1. Nf3 Nf6 2. b3 d5 3. Bb2 Bg4 4. e3 Nbd7 5. h3 Bh5 6. d3 e6 7. Nbd2 h6 8. g4
Bg6 9. Bg2 Bc5 10. Qe2 Qe7 11. a3 O-O-O 12. b4 Bb6 13. Nb3 h5 14. Nh4 Nf8 15.
g5 Ne8 16. Nxg6 Nxg6 17. h4 f6 18. gxf6 Nxf6 19. O-O-O Ng4 20. Bh3 Nxh4 21.
Bxg4 hxg4 22. Qxg4 Nf5 23. Kb1 c6 24. c4 dxc4 25. dxc4 Rxd1+ 26. Rxd1 Rh4 27.
Qe2 Bc7 28. e4 Nd6 29. f3 Ne8 30. Qe3 b6 31. c5 e5 32. cxb6 axb6 33. Nd2 Qe6
34. Qc3 Nf6 35. Nc4 Nd7 36. Nd6+ Bxd6 37. Qxc6+ Kd8 38. Rxd6 Rh1+ 39. Kc2 Rh2+
40. Kc3 Qh3 41. Bc1 Rg2 42. Qxb6+ Ke7 43. Qc7 Rg3 44. Kc2 1-0

[Event "EU-Cup 22nd"]
[Site "Fuegen"]
[Date "2006.10.09"]
[Round "2.5"]
[White "Kharlov, Andrei"]
[Black "Zivkovic, Vjekoslav"]
[Result "1-0"]
[WhiteElo "2557"]
[BlackElo "2412"]
[Annotator "Ftacnik,L"]
[PlyCount "64"]
[EventDate "2006.10.08"]
[EventType "team-swiss"]
[EventRounds "7"]
[EventCountry "AUT"]
[SourceTitle "CBM 115"]
[Source "ChessBase"]
[SourceDate "2006.11.15"]
[SourceVersion "1"]
[SourceVersionDate "2006.11.15"]
[SourceQuality "1"]
[WhiteTeam "Kazan Ladya"]
[BlackTeam "Brijeg SK Siroki"]
[WhiteTeamCountry "RUS"]
[BlackTeamCountry "BIH"]

1. e4 c5 2. Nf3 d6 3. d4 cxd4 4. Nxd4 Nf6 5. Nc3 a6 6. Be3 e5 7. Nf3 Be7 8. Bc4
O-O 9. O-O Be6 10. Qe2 b5 11. Bb3 h6 12. Rfd1 {The line became very popular,
white has positional aspirations to get advantage due to the weakness of d5
square.} (12. Nh4 Nbd7 13. a3 (13. Rad1 b4 14. Na4 Qa5 15. Ng6 Rfe8 16. Nxe7+
Rxe7 17. Rxd6 Qb5 18. Qd3 Ne8 19. Qxb5 axb5 20. Rxd7 Rxd7 21. Nb6 Rdd8 22. Nxa8
Rxa8 23. Bd2 Nd6 24. Bxe6 fxe6 25. Bxb4 Nxe4 26. a3 {1-0 Timofeev,A (2657)-Bu
Xiangzhi (2664)/Taiyuan 2006/ (55)}) 13... Kh7 14. Qf3 Nc5 15. Ba2 Rc8 16. Nf5
Qd7 17. Rfd1 Bxf5 18. exf5 Na4 19. Nxa4 bxa4 20. c3 e4 21. Qf4 d5 22. Bd4 {
1-0 Balogh,C (2567)-Nedilko,V (2352)/Warsaw 2005/ (50)}) 12... Nbd7 13. Nd2 $5
{Very interesting novelty. Kharlov is prepared to spend 3 tempoes for
relocating the knight without losing control of the e4 square.} (13. a3 Qe8 14.
Ne1 Rc8 15. f3 Nc5 16. Ba2 Bxa2 17. Rxa2 Ne6 18. Nd3 a5 19. Nc1 Nd4 20. Bxd4
exd4 21. Nxb5 d5 22. e5 d3 23. Qxd3 Bc5+ 24. Kh1 Qxe5 {1/2 Short,N (2645)
-Kasparov,G (2795)/Horgen 1995/ (37)}) (13. Nh4 b4 14. Na4 Nxe4 15. Bxe6 fxe6
16. Ng6 Rf6 17. Qg4 d5 18. f3 Ng5 19. Bxg5 hxg5 20. Qxg5 Bd6 21. c4 Qe8 22. Nh4
e4 23. fxe4 Bf4 24. Qg4 Ne5 25. Qe2 Qxa4 {0-1 Smirin,I (2615)-Sadler,M (2600)/
Ischia 1996/ (37)}) (13. h3 Qc7 14. Nh4 Rfe8 15. Nf5 Bf8 16. Qf3 Rac8 17. Rd2
b4 18. Ne2 Qc6 19. Neg3 a5 20. Rad1 $14 {1/2 Konguvel,P (2410)-Ftacnik,L (2585)
/Koszalin 1998/ (45)}) 13... Qc7 14. Nf1 Rfc8 (14... b4 $5 15. Nd5 Nxd5 16.
exd5 Bf5 17. Ng3 Bg6 18. Qg4 a5 $13) 15. Ng3 Nb6 (15... b4 16. Na4 Qa5 17. Rac1
$14) 16. Bxb6 $1 {[%mdl 32] Key exchange in the whole plan. White has to get
rid of the knight that was aiming for c4 and controlled d5.} (16. Nf5 Nc4 17.
Bxc4 Bxc4 18. Qf3 Be6 $11) 16... Qxb6 17. Nf5 Bxf5 (17... Ra7 18. Nd5 Nxd5 19.
Bxd5 Bxf5 20. exf5 $14) 18. exf5 b4 (18... Ra7 19. Nd5 Nxd5 20. Bxd5 b4) 19.
Nd5 Nxd5 20. Bxd5 Ra7 21. Rd3 Qc5 $2 {Zivkovic obviously doesn't appreciate
the danger arising from the difference in the strength of the bishops. Black
had to play very actively to prevent falling under the kingside attack.} (21...
Rac7 22. Bb3 Bf6 23. Rad1 Rd8 $13) 22. c4 $1 Bf6 (22... bxc3 $2 23. Rxc3 Qxd5
24. Rxc8+ $18) 23. Re1 a5 (23... e4 24. Re3 Re7 25. b3 Bc3 26. Qg4 $1 h5 (26...
Bxe1 27. f6 $18) 27. Qg3 Bd4 (27... Rce8 28. Rxc3 bxc3 29. f6 $18) 28. Rxe4 $16
) 24. Qh5 Qc7 (24... e4 25. Rxe4 Bxb2 26. Rde3 Kf8 $19 27. f6 Bxf6 28. Rf3 g6
29. Qxh6+ Bg7 30. Qg5 (30. Qxg6 $2 Qxd5 $19) 30... Be5 31. g3 $18) 25. h4 $1 {
Kharlov plans to storm the kingside with his pawns open up the position and
kill the enemy king. There is surprizingly little black can do to prevent this
ambition.} Qe7 (25... a4 26. g4 Qd7 27. Rf3 Qe7 28. Rh3 Qd7 29. g5 Qxf5 30. Rf3
$18) 26. Rh3 Kh7 (26... Qd7 27. g4 $16) 27. b3 Rc5 (27... g6 28. Qg4 $1 Rac7
29. fxg6+ fxg6 30. Be4 $18) 28. Be4 $1 {White has to be careful not to lock
his queen on h5 without proper support.} (28. g4 $4 Rxd5 29. cxd5 g6 $19) 28...
Qe8 (28... a4 29. g4 axb3 30. axb3 d5 31. cxd5 Qc7 32. g5 Rc1 33. Rxc1 Qxc1+
34. Kg2 Qf4 35. Bb1 $18) 29. g4 g6 (29... Bd8 30. g5 Qh8 31. Rd1 $18) 30. fxg6+
fxg6 31. g5 Bg7 32. Rg3 Rc8 (32... d5 33. cxd5 Ra6 34. Qe2 Rd6 35. gxh6 Bxh6
36. h5 $18) 1-0

[Event "EU-Cup 22nd"]
[Site "Fuegen"]
[Date "2006.10.10"]
[Round "3.5"]
[White "Bernasek, Jan"]
[Black "Kharlov, Andrei"]
[Result "0-1"]
[WhiteElo "2470"]
[BlackElo "2557"]
[PlyCount "80"]
[EventDate "2006.10.08"]
[EventType "team-swiss"]
[EventRounds "7"]
[EventCountry "AUT"]
[SourceTitle "CBM 115"]
[Source "ChessBase"]
[SourceDate "2006.11.15"]
[SourceVersion "1"]
[SourceVersionDate "2006.11.15"]
[SourceQuality "1"]
[WhiteTeam "Pardubice"]
[BlackTeam "Kazan Ladya"]
[WhiteTeamCountry "CZE"]
[BlackTeamCountry "RUS"]

1. d4 d5 2. c4 dxc4 3. e4 Nc6 4. d5 Ne5 5. Bf4 Ng6 6. Bg3 e5 7. Nc3 Bd6 8. Bxc4
a6 9. Qd2 Nf6 10. f3 O-O 11. Bf2 Qe7 12. h4 b5 13. Bb3 Bc5 14. g3 h5 15. Nh3
Bxh3 16. Rxh3 Rfd8 17. Bxc5 Qxc5 18. Qf2 Qxf2+ 19. Kxf2 Ne7 20. Rc1 Rac8 21.
Rhh1 Kf8 22. Ke3 c6 23. dxc6 Nxc6 24. Nd5 Nxd5+ 25. Bxd5 Nb4 26. Bb3 a5 27.
Rhd1 a4 28. a3 Rxc1 29. Rxd8+ Ke7 30. Rd1 Nc2+ 31. Bxc2 Rxc2 32. Rd2 Rxd2 33.
Kxd2 Kd6 34. Kc3 Kc5 35. f4 f6 36. fxe5 fxe5 37. b4+ axb3 38. Kxb3 Kd4 39. Kb4
Kxe4 40. Kxb5 Kd4 0-1

[Event "EU-Cup 22nd"]
[Site "Fuegen"]
[Date "2006.10.11"]
[Round "4.5"]
[White "Kharlov, Andrei"]
[Black "Inarkiev, Ernesto"]
[Result "1/2-1/2"]
[WhiteElo "2557"]
[BlackElo "2628"]
[PlyCount "37"]
[EventDate "2006.10.08"]
[EventType "team-swiss"]
[EventRounds "7"]
[EventCountry "AUT"]
[SourceTitle "CBM 115"]
[Source "ChessBase"]
[SourceDate "2006.11.15"]
[SourceVersion "1"]
[SourceVersionDate "2006.11.15"]
[SourceQuality "1"]
[WhiteTeam "Kazan Ladya"]
[BlackTeam "Tomsk 400"]
[WhiteTeamCountry "RUS"]
[BlackTeamCountry "RUS"]

1. d4 Nf6 2. c4 g6 3. Nc3 Bg7 4. Nf3 O-O 5. Bg5 c5 6. e3 cxd4 7. exd4 d5 8.
Bxf6 Bxf6 9. cxd5 Nd7 10. Bc4 Nb6 11. Bb3 Bg4 12. O-O Nc8 13. Ne4 Bg7 14. Re1
Nd6 15. Nxd6 exd6 16. Re4 Bf5 17. Re2 Qf6 18. Rc1 Bg4 19. Rc3 1/2-1/2

[Event "EU-Cup 22nd"]
[Site "Fuegen"]
[Date "2006.10.12"]
[Round "5.5"]
[White "Moiseenko, Alexander"]
[Black "Kharlov, Andrei"]
[Result "1/2-1/2"]
[WhiteElo "2632"]
[BlackElo "2557"]
[PlyCount "45"]
[EventDate "2006.10.08"]
[EventType "team-swiss"]
[EventRounds "7"]
[EventCountry "AUT"]
[SourceTitle "CBM 115"]
[Source "ChessBase"]
[SourceDate "2006.11.15"]
[SourceVersion "1"]
[SourceVersionDate "2006.11.15"]
[SourceQuality "1"]
[WhiteTeam "Ashdod"]
[BlackTeam "Kazan Ladya"]
[WhiteTeamCountry "ISR"]
[BlackTeamCountry "RUS"]

1. d4 d5 2. c4 dxc4 3. e3 e6 4. Bxc4 a6 5. Nf3 c5 6. O-O Nf6 7. Bb3 cxd4 8.
exd4 Nc6 9. Nc3 Be7 10. Bg5 O-O 11. Qd2 Nd5 12. Nxd5 exd5 13. Bxe7 Nxe7 14.
Rfe1 Qd6 15. Rac1 Be6 16. Ne5 Rac8 17. h3 Rxc1 18. Rxc1 Rc8 19. Rxc8+ Bxc8 20.
Qc3 b6 21. Bc2 f6 22. Nf3 a5 23. a3 1/2-1/2

[Event "RUS Cup final"]
[Site "Ramenskoe"]
[Date "2006.11.??"]
[Round "1"]
[White "Kharlov, Andrei"]
[Black "Lastin, Alexander"]
[Result "0-1"]
[WhiteElo "2557"]
[BlackElo "2599"]
[PlyCount "54"]
[EventDate "2006.11.??"]
[EventType "k.o."]
[EventRounds "6"]
[EventCountry "RUS"]
[SourceTitle "EXT 2010"]
[Source "ChessBase"]
[SourceDate "2009.11.30"]
[SourceVersion "1"]
[SourceVersionDate "2009.11.30"]
[SourceQuality "1"]

1. Nf3 Nf6 2. b3 g6 3. Bb2 Bg7 4. c4 O-O 5. e3 d6 6. Be2 e5 7. d4 Nbd7 8. O-O
e4 9. Nfd2 Re8 10. Nc3 Nf8 11. Qc2 Bf5 12. d5 a6 13. b4 h5 14. Rfe1 N8h7 15.
Nb3 Ng4 16. h3 Ne5 17. Nd4 Nf3+ 18. Bxf3 Bxd4 19. Bxh5 Be5 20. Be2 Qh4 21. Bf1
Ng5 22. Ne2 Nf3+ 23. gxf3 exf3 24. Qd2 Bxh3 25. Bxe5 Rxe5 26. Qd4 Rg5+ 27. Ng3
Rxg3+ 0-1

[Event "RUS Cup final"]
[Site "Ramenskoe"]
[Date "2006.11.??"]
[Round "1"]
[White "Lastin, Alexander"]
[Black "Kharlov, Andrei"]
[Result "0-1"]
[WhiteElo "2599"]
[BlackElo "2557"]
[PlyCount "84"]
[EventDate "2006.11.??"]
[EventType "k.o."]
[EventRounds "6"]
[EventCountry "RUS"]
[SourceTitle "EXT 2010"]
[Source "ChessBase"]
[SourceDate "2009.11.30"]
[SourceVersion "1"]
[SourceVersionDate "2009.11.30"]
[SourceQuality "1"]

1. d4 Nf6 2. c4 e6 3. Nf3 c5 4. d5 exd5 5. cxd5 Bd6 6. Nc3 Bc7 7. e4 d6 8. h3
O-O 9. Bd3 Re8 10. O-O Nbd7 11. Re1 a6 12. a4 Nf8 13. Bf4 Ng6 14. Bh2 Nh5 15.
Bf1 Nhf4 16. Qd2 Qf6 17. Qe3 Ba5 18. Nd2 Bb4 19. Nc4 Bd7 20. Nb6 Rad8 21. Nxd7
Rxd7 22. g3 Bxc3 23. Qxc3 Nh5 24. Qxf6 Nxf6 25. f3 Ne5 26. Kf2 g5 27. Ra3 h5
28. g4 hxg4 29. hxg4 Nh7 30. Rc3 Nf8 31. Rb1 Nfg6 32. b4 c4 33. b5 axb5 34.
axb5 Ra8 35. b6 Ra2+ 36. Kg1 Rd8 37. Bg3 Rda8 38. Bxc4 Rc8 39. Rbc1 Rb2 40. Bf2
Nf4 41. Kf1 Kg7 42. Bd4 Rh8 0-1

[Event "RUS Cup final"]
[Site "Ramenskoe"]
[Date "2006.11.??"]
[Round "2"]
[White "Kharlov, Andrei"]
[Black "Smirnov, Pavel"]
[Result "1/2-1/2"]
[WhiteElo "2557"]
[BlackElo "2623"]
[PlyCount "38"]
[EventDate "2006.11.??"]
[EventType "k.o."]
[EventRounds "6"]
[EventCountry "RUS"]
[SourceTitle "EXT 2010"]
[Source "ChessBase"]
[SourceDate "2009.11.30"]
[SourceVersion "1"]
[SourceVersionDate "2009.11.30"]
[SourceQuality "1"]

1. e4 c5 2. Nf3 Nc6 3. d4 cxd4 4. Nxd4 Nf6 5. Nc3 e5 6. Ndb5 d6 7. Bg5 a6 8.
Na3 b5 9. Nd5 Be7 10. Nxe7 Nxe7 11. Bd3 d5 12. Bxf6 gxf6 13. c3 Bb7 14. Qe2 Qb6
15. O-O-O O-O-O 16. f3 Rd6 17. Nc2 h5 18. Ne3 Kb8 19. Rd2 Rhd8 1/2-1/2

[Event "RUS Cup final"]
[Site "Ramenskoe"]
[Date "2006.11.??"]
[Round "2"]
[White "Smirnov, Pavel"]
[Black "Kharlov, Andrei"]
[Result "1-0"]
[WhiteElo "2623"]
[BlackElo "2557"]
[PlyCount "55"]
[EventDate "2006.11.??"]
[EventType "k.o."]
[EventRounds "6"]
[EventCountry "RUS"]
[SourceTitle "EXT 2010"]
[Source "ChessBase"]
[SourceDate "2009.11.30"]
[SourceVersion "1"]
[SourceVersionDate "2009.11.30"]
[SourceQuality "1"]

1. e4 c5 2. Nf3 e6 3. d4 cxd4 4. Nxd4 Nc6 5. Nc3 d6 6. g4 a6 7. Be3 Nge7 8. Nb3
b5 9. f4 Bb7 10. Qd2 Na5 11. Nxa5 Qxa5 12. Qf2 Qc7 13. Bg2 Nc6 14. O-O-O Be7
15. g5 b4 16. Na4 a5 17. Kb1 Ba6 18. Bf1 Qb7 19. h4 Bxf1 20. Rhxf1 Nd8 21. e5
Qc6 22. f5 Qxa4 23. exd6 Bxd6 24. Rxd6 exf5 25. Qf3 Qb5 26. Qxa8 Qxf1+ 27. Bc1
Ke7 28. Qd5 1-0

[Event "EU-ch 8th"]
[Site "Dresden"]
[Date "2007.04.03"]
[Round "1"]
[White "Kharlov, Andrei"]
[Black "Vuilleumier, Alexandre"]
[Result "1/2-1/2"]
[WhiteElo "2572"]
[BlackElo "2343"]
[PlyCount "75"]
[EventDate "2007.04.03"]
[EventType "swiss"]
[EventRounds "11"]
[EventCountry "GER"]
[SourceTitle "CBM 118"]
[Source "ChessBase"]
[SourceDate "2007.05.31"]
[SourceVersion "1"]
[SourceVersionDate "2007.05.31"]
[SourceQuality "1"]

1. e4 e5 2. Nf3 Nc6 3. Bb5 f5 4. Nc3 fxe4 5. Nxe4 Nf6 6. Nxf6+ Qxf6 7. Qe2 Be7
8. Bxc6 bxc6 9. Nxe5 O-O 10. O-O Qe6 11. Re1 Bc5 12. Nf3 Qxe2 13. Rxe2 d6 14.
d4 Bb6 15. Re7 Bg4 16. Be3 Bxf3 17. gxf3 Rxf3 18. c4 Kf8 19. Re4 Rf5 20. b4 c5
21. bxc5 dxc5 22. d5 c6 23. d6 Re8 24. Rh4 h5 25. d7 Re6 26. Rd1 Bd8 27. Rf4
Rxf4 28. Bxf4 Re4 29. Bd6+ Kf7 30. Rc1 Rd4 31. Bxc5 Rxd7 32. Rb1 Kg6 33. Rb8
Bf6 34. Rc8 Rd1+ 35. Kg2 Rc1 36. Bxa7 Rxc4 37. Bb6 Ra4 38. Rxc6 1/2-1/2

[Event "EU-ch 8th"]
[Site "Dresden"]
[Date "2007.04.05"]
[Round "3"]
[White "Kharlov, Andrei"]
[Black "Gasthofer, Alexander"]
[Result "1/2-1/2"]
[WhiteElo "2572"]
[BlackElo "2453"]
[PlyCount "101"]
[EventDate "2007.04.03"]
[EventType "swiss"]
[EventRounds "11"]
[EventCountry "GER"]
[SourceTitle "CBM 118"]
[Source "ChessBase"]
[SourceDate "2007.05.31"]
[SourceVersion "1"]
[SourceVersionDate "2007.05.31"]
[SourceQuality "1"]

1. d4 d5 2. c4 Nc6 3. Nf3 Bg4 4. Nc3 e6 5. e3 Nf6 6. h3 Bxf3 7. Qxf3 g6 8. cxd5
exd5 9. g4 h6 10. Bg2 Nb4 11. O-O c6 12. a3 Nd3 13. e4 Nxc1 14. exd5 Nxd5 15.
Nxd5 cxd5 16. Raxc1 Be7 17. Qxd5 Qxd5 18. Bxd5 O-O 19. Rc7 Bf6 20. Rd1 Rad8 21.
Ba2 Bxd4 22. Kg2 b5 23. b4 Kg7 24. Rb7 a6 25. h4 g5 26. h5 Rd6 27. Rd3 Kg8 28.
Rf3 Rf6 29. Rf5 Kg7 30. Bd5 Kg8 31. Ra7 Kg7 32. Rc7 Kg8 33. Kf1 Kg7 34. Ke2 Kg8
35. Ra7 Kg7 36. Kd3 Kg8 37. Ke4 Re8+ 38. Kf3 Rf8 39. Bb7 Bb2 40. Rxa6 Rxa6 41.
Bxa6 Rb8 42. Bxb5 Bxa3 43. Bc4 Bxb4 44. Rf6 Rc8 45. Ba2 Ra8 46. Bd5 Rd8 47. Ke4
Rd6 48. Bxf7+ Kg7 49. Rf5 Rf6 50. Bg6 Rxf5 51. gxf5 1/2-1/2

[Event "EU-ch 8th"]
[Site "Dresden"]
[Date "2007.04.07"]
[Round "5"]
[White "Kharlov, Andrei"]
[Black "Figura, Atila Gajo"]
[Result "1-0"]
[WhiteElo "2572"]
[BlackElo "2416"]
[PlyCount "61"]
[EventDate "2007.04.03"]
[EventType "swiss"]
[EventRounds "11"]
[EventCountry "GER"]
[SourceTitle "CBM 118"]
[Source "ChessBase"]
[SourceDate "2007.05.31"]
[SourceVersion "1"]
[SourceVersionDate "2007.05.31"]
[SourceQuality "1"]

1. e4 c5 2. Nf3 e6 3. c3 Nf6 4. e5 Nd5 5. Bc4 Nb6 6. Bb3 d6 7. exd6 Bxd6 8. d4
cxd4 9. cxd4 O-O 10. O-O Be7 11. Qe2 Nc6 12. Rd1 Bf6 13. Nc3 Nd5 14. Ne4 b6 15.
Nxf6+ Nxf6 16. Bg5 Ne7 17. Bxf6 gxf6 18. Qe4 Bd7 19. d5 e5 20. d6 Ng6 21. Nh4
Nxh4 22. Qxh4 Bf5 23. Rac1 Kg7 24. Rc7 a6 25. Qc4 b5 26. Rxf7+ Kg6 27. Qd5 Rxf7
28. Qxf7+ Kh6 29. h3 Qf8 30. Qb7 Qc8 31. Qf3 1-0

[Event "EU-ch 8th"]
[Site "Dresden"]
[Date "2007.04.08"]
[Round "6"]
[White "Wells, Peter"]
[Black "Kharlov, Andrei"]
[Result "1-0"]
[WhiteElo "2499"]
[BlackElo "2572"]
[PlyCount "47"]
[EventDate "2007.04.03"]
[EventType "swiss"]
[EventRounds "11"]
[EventCountry "GER"]
[SourceTitle "CBM 118"]
[Source "ChessBase"]
[SourceDate "2007.05.31"]
[SourceVersion "1"]
[SourceVersionDate "2007.05.31"]
[SourceQuality "1"]

1. d4 d5 2. c4 e6 3. Nc3 c6 4. e4 dxe4 5. Nxe4 Bb4+ 6. Bd2 Qxd4 7. Bxb4 Qxe4+
8. Be2 Na6 9. Bd6 Qxg2 10. Qd2 Ne7 11. Bxe7 Kxe7 12. O-O-O f6 13. Nf3 Qh3 14.
Ng5 fxg5 15. Qxg5+ Kf7 16. Bg4 Qxg4 17. Qxg4 Rf8 18. Rhg1 g6 19. Qh4 Kg7 20.
Rd8 Rf7 21. Rxg6+ Kxg6 22. Rg8+ Kf5 23. Rg5+ Kf6 24. Rh5+ 1-0

[Event "EU-ch 8th"]
[Site "Dresden"]
[Date "2007.04.09"]
[Round "7"]
[White "Kharlov, Andrei"]
[Black "Zueger, Beat"]
[Result "1-0"]
[WhiteElo "2572"]
[BlackElo "2415"]
[PlyCount "121"]
[EventDate "2007.04.03"]
[EventType "swiss"]
[EventRounds "11"]
[EventCountry "GER"]
[SourceTitle "CBM 118"]
[Source "ChessBase"]
[SourceDate "2007.05.31"]
[SourceVersion "1"]
[SourceVersionDate "2007.05.31"]
[SourceQuality "1"]

1. d4 Nf6 2. Nf3 g6 3. c4 Bg7 4. Nc3 d6 5. e4 Bg4 6. Be2 Nfd7 7. Be3 O-O 8. Rc1
e5 9. d5 a5 10. O-O Na6 11. a3 f5 12. exf5 Bxf3 13. Bxf3 gxf5 14. Be2 f4 15.
Bd2 e4 16. Nxe4 Bxb2 17. Bg4 Nac5 18. Nxc5 Nxc5 19. Rb1 Be5 20. Qf3 b6 21. Rfe1
Qg5 22. Re2 Rf6 23. Rbe1 Raf8 24. h3 Rg6 25. Kf1 Rg7 26. Bc1 Qg6 27. Rd1 Qb1
28. Kg1 Qb3 29. Qxb3 Nxb3 30. Kf1 Nxc1 31. Rxc1 Kf7 32. Ke1 Kf6 33. Kd1 h5 34.
Bf3 Rfg8 35. Kc2 Rxg2 36. Bxg2 Rxg2 37. Kd3 Rh2 38. Ke4 Rxh3 39. f3 h4 40. Rg1
Rg3 41. Rh1 Rg8 42. Rxh4 Rg1 43. Rh6+ Kg5 44. Rh7 Kg6 45. Rh4 Kf6 46. Rh6+ Kg5
47. Re6 a4 48. Re8 Kf6 49. Rf8+ Kg7 50. Rc8 Kf6 51. Re8 Rc1 52. Re6+ Kf7 53.
Rh2 Rxc4+ 54. Kf5 Rc1 55. Rh7+ Kg8 56. Rd7 Kf8 57. Ree7 Rh1 58. Rxc7 b5 59. Rb7
Rh6 60. Rec7 Rf6+ 61. Ke4 1-0

[Event "EU-ch 8th"]
[Site "Dresden"]
[Date "2007.04.11"]
[Round "8"]
[White "Jaracz, Pawel"]
[Black "Kharlov, Andrei"]
[Result "1/2-1/2"]
[WhiteElo "2490"]
[BlackElo "2572"]
[PlyCount "69"]
[EventDate "2007.04.03"]
[EventType "swiss"]
[EventRounds "11"]
[EventCountry "GER"]
[SourceTitle "CBM 118"]
[Source "ChessBase"]
[SourceDate "2007.05.31"]
[SourceVersion "1"]
[SourceVersionDate "2007.05.31"]
[SourceQuality "1"]

1. e4 c5 2. Nf3 e6 3. Nc3 d6 4. d4 cxd4 5. Nxd4 Nc6 6. Be3 Nf6 7. f4 Be7 8. Be2
e5 9. Nb3 O-O 10. O-O exf4 11. Bxf4 Be6 12. Kh1 d5 13. e5 Nd7 14. Nxd5 Ndxe5
15. c4 Rc8 16. Qd2 Ng6 17. Nxe7+ Ncxe7 18. Rac1 Qxd2 19. Bxd2 Ne5 20. Bb4 Rfe8
21. Nc5 N7c6 22. Nxe6 Nxb4 23. Nf4 Rcd8 24. a3 Nbd3 25. Nxd3 Nxd3 26. Rc2 a5
27. g3 g6 28. Kg2 a4 29. Bxd3 Rxd3 30. c5 Rd4 31. Rf6 Re6 32. Rxe6 fxe6 33. Kf3
Kf7 34. Ke3 Rd5 35. Rc4 1/2-1/2